Missing Word: Action Movies Quiz Stats

 Plays Quiz Updated Oct 20, 2017

Score 0/20 Timer 03:00
0 Plays Today
Action Movie Missing Word % Correct
Jurassic ____Park
98.9%
_______: ImpossibleMission
98.3%
Die ____Hard
98.2%
Kill ____: Vol 1Bill
98.1%
Top ___Gun
97.1%
Blade ______Runner
96.8%
___-HurBen
96.6%
______ WeaponLethal
95.5%
The _____ EscapeGreat
95%
V for ________Vendetta
91%
Action Movie Missing Word % Correct
The French _________Connection
89.6%
The _____ ElementFifth
88.3%
The Dark ______Knight
82.5%
X-Men: _____ ClassFirst
80.5%
Enter the ______Dragon
78.2%
Leon: The ____________Professional
57.8%
Hot ____Fuzz
55.3%
Seven _______Samurai
55.2%
The Road _______Warrior
53.1%
The _____ of FearWages
7.7%

Today's Daily Dose

You're not logged in!

Compare scores with friends on all Sporcle quizzes.
OR
Log In

Show Comments

Extras

Top Quizzes Today


Score Distribution

Your Account Isn't Verified!

In order to create a playlist on Sporcle, you need to verify the email address you used during registration. Go to your Sporcle Settings to finish the process.

Report this User

Report this user for behavior that violates our Community Guidelines.

Details: